<?xml version="1.0" encoding="UTF-8"?>
<marc:record xmlns:marc="http://www.loc.gov/MARC21/slim">
   <marc:leader>00000nam a2200000 a 4500</marc:leader>
   <marc:datafield ind1="1" ind2=" " tag="100">
      <marc:subfield code="a">Adler-Olsen, Jussi</marc:subfield>
      <marc:subfield code="4">aut</marc:subfield>
      <marc:subfield code="e">Verfasser/-in</marc:subfield>
   </marc:datafield>
   <marc:datafield ind1="0" ind2="0" tag="245">
      <marc:subfield code="a">Erwartung</marc:subfield>
   </marc:datafield>
   <marc:datafield ind1="0" ind2="0" tag="245">
      <marc:subfield code="b">Der Marco-Effekt</marc:subfield>
   </marc:datafield>
   <marc:datafield ind1="0" ind2="0" tag="245">
      <marc:subfield code="c">Jussi Adler-Olsen</marc:subfield>
   </marc:datafield>
   <marc:datafield ind1=" " ind2="1" tag="264">
      <marc:subfield code="a">München</marc:subfield>
      <marc:subfield code="b">Koch Films</marc:subfield>
      <marc:subfield code="c">2022</marc:subfield>
   </marc:datafield>
   <marc:datafield ind1="1" ind2=" " tag="490">
      <marc:subfield code="a">3</marc:subfield>
   </marc:datafield>
   <marc:datafield ind1="1" ind2=" " tag="520">
      <marc:subfield code="a">Als der 14-jährige Marco in einem Zug nach Dänemark festgenommen wird, trägt er den Reisepass von William Stark bei sich - einem Familienvater, der vor einigen Jahren spurlos verschwand, nachdem er eines schweren Verbrechens beschuldigt wurde. Der Fall lag im Sonderdezernat Q der Mordkommission Kopenhagen bereits bei den Akten. Kommissar Carl Morck und sein Partner Assad müssen nun die Spur wieder aufnehmen. Ihre Ermittlungen lassen schnell vermuten, dass das Verschwinden Starks nur der kaltblütige Versuch war, ein Verbrechen viel größeren Ausmaßes zu vertuschen. Sie kommen einer finsteren Verschwörung um jahrelange systematische Korruption auf die Spur, die bis ganz nach oben reicht...</marc:subfield>
   </marc:datafield>
   <marc:datafield ind1=" " ind2=" " tag="020">
      <marc:subfield code="a">4020628689094</marc:subfield>
      <marc:subfield code="9">4020628689094</marc:subfield>
   </marc:datafield>
   <marc:datafield ind1="0" ind2=" " tag="490">
      <marc:subfield code="v">0</marc:subfield>
   </marc:datafield>
   <marc:datafield ind1=" " ind2=" " tag="300">
      <marc:subfield code="a">ca. 120 Min.</marc:subfield>
   </marc:datafield>
</marc:record>
